000 00382nam a2200145Ia 4500
008 210716s1992 xx 000 0 und d
041 _aeng
082 _a511.2 SAND
100 _aSancheti, D C;Kapoor, V K.
245 _aBusiness mathematics.
250 _a10
260 _aNew Delhi
_bSultan chand & sons
_c1992
300 _axiv,ACE132,A71,ICWA37
650 _aMathematics(510)
999 _c182516
_d182516